Prefectures of Kyushu Japan (Highlighted Version) - Statistics

General Stats
  • This quiz has been taken 321 times
  • The average score is 6 of 7
Answers on the Map
Answers color-coded by a green-red scale on the quiz's map according to % correct below.
 
Answer Stats
Answer % Correct
Fukuoka
91%
Kumamoto
81%
Nagasaki
81%
Kagoshima
78%
Miyazaki
75%
Oita
73%
Saga
73%
No matching quizzes found
Score Distribution
Percent of People with Each Score
Percentile by Number Answered
Your Score History
You have not taken this quiz